000 00524nam a2200193Ia 4500
008 191130s2011##################000#0#eng##
020 _a9780078050589
040 _aACL
_cACL
082 _a320.JAC
100 _aJackson, Robert
245 _aGlobal issues 10/11
_cRobert Jackson
260 _aNew York
_bMcGraw-Hill/Dushkin
_cc2011
300 _axx, 201 p , 28 cm
650 _aCivilization, Modern
650 _aSocial problems
990 _a7bee3fcaac10000c4ca0a942f015f8b2
991 _a191778
999 _c195285
_d195285